00935nam a2200253 i 4500003000900000005001700009007000300026008004100029040003000070082001800100110009700118245008200215264005700297300002600354336002700380337003400407338002800441504002500469590002700494910001400521942001300535952011600548999001700664DO-SdBNP20230817152236.0ta110413s1988 dr 000 0 spa d aDO-SdBNPbspacBNPHUerda axxxbG892222 aGrupo de Investigación bInstituto de Ciencias Políticas bUniversidad Heidelberg98398413aEl sistema electoral del Uruguay :bcaracterística, evolución y efectos / aSanto Domingo :bFundación Friedrich Ebert,c1988. a16 páginas c23 cm. 2rdacontentatextobtxt 2rdamediaasin mediación bn 2rdacarrieravolumenbnc aBibliografía p: 17 aInventariado, 2023/ YL aYLockward 2ddccLF2 00102ddc51708DS-FaBNPHUbBNPHUcCTd2013-08-01eIntecl0oxxx G892p2023-5420r2023-08-17w2023-08-17yLF2 c54463d54463